[Event "Junior Online 4NCL Division 4"]
[Site "online"]
[Date "2021.09.16"]
[EventDate "2021.09.16"]
[Round "3.103"]
[White "Crichton, Finlay"]
[WhiteElo "1012"]
[WhiteTeam "Muswell Hill Knights"]
[Black "Kaul-Green, Axel"]
[BlackElo "800"]
[BlackTeam "Edgware Gambits I"]
[Result "0-1"]
[PlyCount "140"]

1. e4 e5 2. Nf3 Nc6 3. Nc3 Nf6 4. Bc4 Bc5 5. d3 O-O 6. Bg5 Be7 7. Qe2 Ne8 8. Bxe7 Qxe7 9. Nd5 Qd8 10. O-O Nf6 11. Bb5 a6 12. Bxc6 bxc6 13. Nc3 Rb8 14. Nxe5 Qe8 15. Nc4 d5 16. exd5 Qxe2 17. Nxe2 cxd5 18. Nd2 Rxb2 19. Rfc1 Bd7 20. Nb3 Ba4 21. Ned4 Bxb3 22. cxb3 Ng4 23. f3 Ne3 24. g4 Rg2+ 25. Kh1 c5 26. Rxc5 g6 27. a4 f5 28. gxf5 gxf5 29. Rg1 Rxg1+ 30. Kxg1 f4 31. Kf2 Rf7 32. Ra5 Nd1+ 33. Ke2 Nc3+ 34. Ke1 Ra7 35. Ne2 Nxe2 36. Kxe2 Kf7 37. Kd2 Ke6 38. Kc3 Ke5 39. Kb4 Rb7+ 40. Kc5 Rxb3 41. Rxa6 Rxd3 42. Ra7 Rc3+ 43. Kb4 Rc4+ 44. Kb3 Kd4 45. Rxh7 Rc3+ 46. Kb4 Rxf3 47. Rh4 Ke4 48. a5 d4 49. a6 Rf1 50. Rh8 Ra1 51. Re8+ Kf3 52. Ra8 d3 53. Kc3 Ke2 54. h4 d2 55. Rd8 d1=Q 56. Rxd1 Rxd1 57. Kb4 Rd8 58. Kb5 f3 59. Kb6 f2 60. a7 f1=Q 61. Kb7 Qf7+ 62. Ka6 Ra8 63. h5 Qxa7+ 64. Kb5 Qc7 65. h6 Rb8+ 66. Ka6 Qc6+ 67. Ka5 Qc7+ 68. Ka6 Qc1 69. Ka7 Qb1 70. Ka6 Ra8# 0-1

[Event "Junior Online 4NCL Division 4"]
[Site "online"]
[Date "2021.09.16"]
[EventDate "2021.09.16"]
[Round "3.104"]
[White "Magnus, Michael"]
[WhiteElo "800"]
[WhiteTeam "Edgware Gambits I"]
[Black "Gelmini, Leonardo"]
[BlackElo "952"]
[BlackTeam "Muswell Hill Knights"]
[Result "0-1"]
[PlyCount "102"]

1. e4 c5 2. Nc3 g6 3. Nf3 Nc6 4. d3 d6 5. Nd5 e6 6. Nf4 e5 7. Nd5 Be6 8. Bg5 Qa5+ 9. Bd2 Qb5 10. d4 Qxb2 11. Qb1 Qxb1+ 12. Rxb1 b6 13. Nc7+ Kd8 14. Nxa8 cxd4 15. Bb5 Bxa2 16. Rb2 Be6 17. Bxc6 Kc8 18. O-O Kb8 19. Nxb6 axb6 20. Rxb6+ Kc7 21. Rfb1 Ba2 22. R1b2 Ne7 23. Ba4 Be6 24. Ng5 Nc8 25. Nxe6+ fxe6 26. Rc6+ Kd8 27. Rb8 Ke7 28. Rbxc8 d5 29. Bg5+ Kf7 30. exd5 exd5 31. Bf6 Rg8 32. Rxf8+ Rxf8 33. Rc7+ Kxf6 34. Rxh7 Ra8 35. h3 Rxa4 36. Rd7 Ke6 37. Rc7 Ra8 38. Kh2 e4 39. f3 e3 40. Kg3 Rf8 41. Rc6+ Kf5 42. Rc5 Ke5 43. f4+ Rxf4 44. Rb5 e2 45. Rb1 Rf1 46. Rxf1 exf1=Q 47. c4 Qxc4 48. h4 d3 49. Kh3 d2 50. g3 d1=Q 51. h5 Qh1# 0-1

[Event "Junior Online 4NCL Division 4"]
[Site "online"]
[Date "2021.09.16"]
[EventDate "2021.09.16"]
[Round "3.106"]
[White "Shetty, Ahan"]
[WhiteElo "1116"]
[WhiteTeam "Muswell Hill Knights"]
[Black "Singh, Arjun"]
[BlackElo "800"]
[BlackTeam "Edgware Gambits I"]
[Result "0-1"]
[PlyCount "60"]

1. d4 d5 2. c4 Be6 3. Nc3 dxc4 4. e3 f5 5. Nf3 Nc6 6. Ng5 Bd5 7. Nxd5 Qxd5 8. Qc2 O-O-O 9. Bxc4 Qxg2 10. Nf7 Qxh1+ 11. Ke2 Qxh2 12. Nxh8 Qh5+ 13. Kd2 Qg5 14. Nf7 Rxd4+ 15. Kc3 Rxc4+ 16. Kxc4 Qg4+ 17. Kd3 Nb4+ 18. Kc3 Nxc2 19. Kxc2 Qc4+ 20. Kd1 Qxf7 21. Bd2 g6 22. Rc1 Bg7 23. Ke1 Bxb2 24. Rc2 Qxa2 25. Ke2 Qb1 26. Rc4 Qa2 27. Rc2 Qa6+ 28. Kd1 Ba3 29. Ra2 Qa4+ 30. Ke2 Qc4+ 0-1

[Event "Junior Online 4NCL Division 4"]
[Site "online"]
[Date "2021.09.16"]
[EventDate "2021.09.16"]
[Round "3.107"]
[White "Kaul-Green, Axel"]
[WhiteElo "800"]
[WhiteTeam "Edgware Gambits I"]
[Black "Crichton, Finlay"]
[BlackElo "1012"]
[BlackTeam "Muswell Hill Knights"]
[Result "1/2-1/2"]
[PlyCount "115"]

1. e4 e5 2. Nf3 Nc6 3. Nc3 Nf6 4. Bc4 Nxe4 5. Nxe4 d5 6. Bd3 dxe4 7. Bxe4 Bc5 8. O-O Bg4 9. h3 Bh5 10. c3 Qf6 11. b4 Bb6 12. b5 Ne7 13. Bb2 c6 14. bxc6 Nxc6 15. Qe1 O-O 16. c4 Rfe8 17. Rd1 Nd4 18. Bxd4 Bxd4 19. Rb1 Rab8 20. Rxb7 Rxb7 21. Bxb7 Qf4 22. Nxd4 Qxd4 23. Qe4 Qb6 24. Bc6 Re6 25. Bd5 Rd6 26. Rb1 Qd8 27. Rb7 Qa5 28. Rb8+ Rd8 29. Rxd8+ Qxd8 30. Qxe5 h6 31. Qxh5 Qf6 32. c5 Kf8 33. c6 Ke8 34. c7 Kd7 35. Qf3 Qxf3 36. Bxf3 Kxc7 37. d4 Kd6 38. d5 f6 39. g4 g6 40. Be4 g5 41. f3 Ke5 42. Kf2 Kd6 43. Ke3 Ke5 44. Kd3 a6 45. Kc4 f5 46. Kc5 fxe4 47. fxe4 h5 48. d6 Ke6 49. gxh5 g4 50. hxg4 a5 51. h6 a4 52. h7 a3 53. h8=Q Kd7 54. g5 Ke6 55. g6 Kd7 56. g7 Ke6 57. g8=R Kd7 58. Qh6 1/2-1/2

[Event "Junior Online 4NCL Division 4"]
[Site "online"]
[Date "2021.09.16"]
[EventDate "2021.09.16"]
[Round "3.108"]
[White "Gelmini, Leonardo"]
[WhiteElo "952"]
[WhiteTeam "Muswell Hill Knights"]
[Black "Magnus, Michael"]
[BlackElo "800"]
[BlackTeam "Edgware Gambits I"]
[Result "1-0"]
[PlyCount "69"]

1. c4 e5 2. Nc3 Bc5 3. e3 Nf6 4. g3 b6 5. Bg2 Nc6 6. Ne4 Ba6 7. Nxc5 bxc5 8. d3 O-O 9. Qa4 Qe7 10. Qxa6 Nb4 11. Qa4 Nxd3+ 12. Kd1 Nxf2+ 13. Ke1 Nxh1 14. Bxh1 Qd6 15. Bxa8 Rxa8 16. Qd1 Qxd1+ 17. Kxd1 Ne4 18. b3 Nf2+ 19. Ke2 Ne4 20. Kd3 Nf2+ 21. Ke2 Ng4 22. h4 d6 23. Nf3 e4 24. Nd2 Re8 25. Bb2 Ne5 26. Nxe4 Nxc4 27. bxc4 Rxe4 28. Kd3 Re8 29. Rb1 Rb8 30. a4 a5 31. e4 Rb4 32. Kc3 Rxa4 33. Ba3 Rxa3+ 34. Kc2 Rxg3 35. Rb8# 1-0

[Event "Junior Online 4NCL Division 4"]
[Site "online"]
[Date "2021.09.16"]
[EventDate "2021.09.16"]
[Round "3.111"]
[White "Radia, Kayan"]
[WhiteElo "800"]
[WhiteTeam "Edgware Gambits J"]
[Black "Fang, Moyao"]
[BlackElo "1367"]
[BlackTeam "London Dragons Beryllium"]
[Result "0-1"]
[PlyCount "98"]

1. e4 c5 2. Nf3 d6 3. d4 cxd4 4. Nxd4 Nf6 5. Bg5 Nxe4 6. Be3 a6 7. Bd3 Nc5 8. Nb3 Nxd3+ 9. cxd3 g6 10. O-O Bg7 11. Nc3 Nc6 12. Qf3 Ne5 13. Qd1 Bf5 14. Qd2 Bxd3 15. Rfd1 Bf5 16. Na4 Nc4 17. Qc1 b5 18. Nc3 Rc8 19. Bf4 Nxb2 20. Qxb2 Bxc3 21. Qb1 Bxb1 22. Rdxb1 Bxa1 23. Rxa1 e5 24. Be3 Qc7 25. Nd2 Qc3 26. Rb1 Qc2 27. a3 Rc3 28. h3 Rxe3 29. fxe3 Qxd2 30. e4 Qe3+ 31. Kf1 Qd3+ 32. Ke1 Qxb1+ 33. Ke2 Qc2+ 34. Ke3 Qxg2 35. Kd3 Qxh3+ 36. Kc2 Qxa3 37. Kd2 Qb3 38. Ke2 Qc3 39. Kf2 Qd3 40. Kg2 Qe3 41. Kh2 Qg5 42. Kh3 Kd8 43. Kh2 Kc7 44. Kh3 b4 45. Kh2 b3 46. Kh3 b2 47. Kh2 b1=B 48. Kh3 Bxe4 49. Kh2 Qg2# 0-1

[Event "Junior Online 4NCL Division 4"]
[Site "online"]
[Date "2021.09.16"]
[EventDate "2021.09.16"]
[Round "3.112"]
[White "Li, Harvey"]
[WhiteElo "1280"]
[WhiteTeam "London Dragons Beryllium"]
[Black "Zhu, Xiaocheng"]
[BlackElo "736"]
[BlackTeam "Edgware Gambits J"]
[Result "1-0"]
[PlyCount "49"]

1. d4 d5 2. c4 dxc4 3. e4 Nc6 4. Nf3 Nf6 5. Nc3 Bg4 6. Bxc4 Nxd4 7. Qxd4 Qxd4 8. Nxd4 O-O-O 9. Be3 e5 10. Ndb5 Bb4 11. Nxa7+ Kd7 12. f3 Bxc3+ 13. bxc3 Bh5 14. Rd1+ Ke7 15. Bc5+ Ke8 16. O-O Rxd1 17. Rxd1 b6 18. Bb5+ c6 19. Bxc6+ Nd7 20. Bxd7+ Kd8 21. Bxb6+ Ke7 22. Nc6+ Kf6 23. Rd6+ Kg5 24. Be3+ Kh4 25. g3# 1-0

[Event "Junior Online 4NCL Division 4"]
[Site "online"]
[Date "2021.09.16"]
[EventDate "2021.09.16"]
[Round "3.114"]
[White "Xue, Max"]
[WhiteElo "1250"]
[WhiteTeam "London Dragons Beryllium"]
[Black "Szajman, Noah"]
[BlackElo "714"]
[BlackTeam "Edgware Gambits J"]
[Result "1/2=1/2"]
[PlyCount "71"]

1. e4 c5 2. a3 e6 3. b4 cxb4 4. axb4 d6 5. d4 Bd7 6. Ra3 Nc6 7. Rg3 Nf6 8. b5 Na5 9. Nc3 Nh5 10. Qxh5 g6 11. Qd1 Be7 12. Nf3 O-O 13. Bd3 Qc7 14. Bh6 Rfe8 15. Qd2 a6 16. bxa6 bxa6 17. h4 Nb7 18. h5 a5 19. hxg6 fxg6 20. Bg5 Bxg5 21. Nxg5 a4 22. Nxa4 Rxa4 23. Rxh7 Ra1+ 24. Ke2 Ra2 25. Ke3 d5 26. e5 Nd8 27. Bb5 Qxc2 28. Qxc2 Rxc2 29. Bxd7 Rc3+ 30. Kd2 Rxg3 31. fxg3 Nb7 32. Bxe8 Kf8 33. Nxe6+ Kxe8 34. Rxb7 g5 35. Ke3 g4 36. Kf4 1/2-1/2

[Event "Junior Online 4NCL Division 4"]
[Site "online"]
[Date "2021.09.16"]
[EventDate "2021.09.16"]
[Round "3.115"]
[White "Fang, Moyao"]
[WhiteElo "1367"]
[WhiteTeam "London Dragons Beryllium"]
[Black "Radia, Kayan"]
[BlackElo "800"]
[BlackTeam "Edgware Gambits J"]
[Result "1-0"]
[PlyCount "49"]

1. e4 e5 2. Nf3 Nc6 3. Bc4 Nf6 4. Ng5 d5 5. exd5 Nd4 6. c3 Nf5 7. O-O Bc5 8. d4 Bd6 9. Re1 O-O 10. dxe5 Bc5 11. exf6 Qxf6 12. Ne4 Qd8 13. Nxc5 Bd7 14. Nxb7 Rb8 15. Nxd8 Rbxd8 16. Qc2 Rde8 17. Rxe8 Rxe8 18. Nd2 Re1+ 19. Nf1 Nd6 20. Be2 Bb5 21. Qd2 Bxe2 22. Qxe1 Bxf1 23. Kxf1 Ne4 24. Qxe4 f6 25. Qe8# 1-0

[Event "Junior Online 4NCL Division 4"]
[Site "online"]
[Date "2021.09.16"]
[EventDate "2021.09.16"]
[Round "3.116"]
[White "Zhu, Xiaocheng"]
[WhiteElo "736"]
[WhiteTeam "Edgware Gambits J"]
[Black "Li, Harvey"]
[BlackElo "1280"]
[BlackTeam "London Dragons Beryllium"]
[Result "0-1"]
[PlyCount "52"]

1. e4 c5 2. Nf3 Nc6 3. d3 e6 4. Be2 d5 5. exd5 exd5 6. O-O Be7 7. Bd2 Nf6 8. Nc3 d4 9. Nb5 a6 10. Na3 O-O 11. Rc1 Qd6 12. Nc4 Qc7 13. c3 b5 14. Na3 dxc3 15. Bxc3 b4 16. Bxf6 Bxf6 17. Nc2 Bb7 18. d4 Rad8 19. d5 Ne7 20. d6 Rxd6 21. Qe1 Bxb2 22. Rb1 Bc3 23. Qc1 Qc6 24. Rd1 Rg6 25. Bd3 Qxf3 26. Bxg6 Qxg2# 0-1

[Event "Junior Online 4NCL Division 4"]
[Site "online"]
[Date "2021.09.16"]
[EventDate "2021.09.16"]
[Round "3.118"]
[White "Szajman, Noah"]
[WhiteElo "714"]
[WhiteTeam "Edgware Gambits J"]
[Black "Xue, Max"]
[BlackElo "1250"]
[BlackTeam "London Dragons Beryllium"]
[Result "0-1"]
[PlyCount "128"]

1. e4 c5 2. Nf3 d6 3. d4 cxd4 4. Nxd4 Nf6 5. Nc3 g6 6. Bd3 Bg7 7. Be3 Ng4 8. O-O O-O 9. Bd2 Nf6 10. Qe2 Qb6 11. Qe3 Qxb2 12. e5 dxe5 13. Qxe5 Nbd7 14. Qe2 Qb6 15. Qe3 Nc5 16. Rfb1 Qd6 17. Ncb5 Qd7 18. Re1 a6 19. Nc3 Ng4 20. Qxe7 Qxe7 21. Rxe7 Bxd4 22. Ree1 Bxf2+ 23. Kf1 Bxe1 24. Bxe1 Nxd3 25. cxd3 Bf5 26. Rd1 Rac8 27. a4 Rfe8 28. Ne4 Rcd8 29. Nf6+ Nxf6 30. Ba5 Rxd3 31. Rxd3 Bxd3+ 32. Kf2 Ng4+ 33. Kg3 h5 34. Bb4 g5 35. Bd2 f6 36. a5 Ne3 37. Bxe3 Rxe3+ 38. Kf2 Re5 39. h3 Rxa5 40. g4 hxg4 41. hxg4 b5 42. Ke1 b4 43. Kd2 b3 44. Kxd3 b2 45. Kc2 Ra4 46. Kxb2 Rxg4 47. Kc2 Re4 48. Kd2 f5 49. Kd1 Kf7 50. Kd2 Ke6 51. Kd3 Kd5 52. Kd2 Kd4 53. Kc2 Rh4 54. Kd2 Rh3 55. Ke2 Ke4 56. Kf2 Ra3 57. Kg2 Kf4 58. Kf2 Ra2+ 59. Ke1 Kf3 60. Kd1 Ke3 61. Kc1 Kd3 62. Kb1 Rh2 63. Kc1 Rg2 64. Kd1 Rg1# 0-1

[Event "Junior Online 4NCL Division 4"]
[Site "online"]
[Date "2021.09.16"]
[EventDate "2021.09.16"]
[Round "3.121"]
[White "Jayaprakash, Arnav"]
[WhiteElo "1441"]
[WhiteTeam "Wolfpack Juniors"]
[Black "Chandrashekhar, Druha"]
[BlackElo "1271"]
[BlackTeam "Charlton Lions"]
[Result "1-0"]
[PlyCount "55"]

1. e4 e5 2. Nf3 Nc6 3. Bb5 Bc5 4. Nc3 Nf6 5. d3 O-O 6. O-O d6 7. h3 Re8 8. Bg5 h6 9. Bh4 g5 10. Nxg5 hxg5 11. Bxg5 Bd7 12. Qf3 Re6 13. Nd5 Nd4 14. Nxf6+ Kg7 15. Qh5 Rxf6 16. Bxf6+ Kxf6 17. Bxd7 Qxd7 18. Qd1 d5 19. c3 Nb5 20. Qf3+ Ke7 21. exd5 Rd8 22. Rfe1 Qxd5 23. Qxd5 Rxd5 24. c4 Rxd3 25. cxb5 Rd2 26. Rxe5+ Kd6 27. Rf5 Ke6 28. Rxc5 1-0

[Event "Junior Online 4NCL Division 4"]
[Site "online"]
[Date "2021.09.16"]
[EventDate "2021.09.16"]
[Round "3.122"]
[White "Sharma, Reyansh"]
[WhiteElo "1000"]
[WhiteTeam "Charlton Lions"]
[Black "Harris, Callum"]
[BlackElo "1383"]
[BlackTeam "Wolfpack Juniors"]
[Result "0-1"]
[PlyCount "26"]

1. e4 e5 2. Nf3 Nc6 3. Bc4 Bc5 4. O-O d6 5. Nc3 Nf6 6. d3 h6 7. b3 Bg4 8. Bb2 Nd4 9. Nd5 Nxf3+ 10. gxf3 Bh3 11. Re1 Nxd5 12. Bxd5 Qg5+ 13. Kh1 Qg2# 0-1

[Event "Junior Online 4NCL Division 4"]
[Site "online"]
[Date "2021.09.16"]
[EventDate "2021.09.16"]
[Round "3.123"]
[White "Mahadevan, Rohit"]
[WhiteElo "1180"]
[WhiteTeam "Wolfpack Juniors"]
[Black "Lynam, Paddy"]
[BlackElo "865"]
[BlackTeam "Charlton Lions"]
[Result "1-0"]
[PlyCount "65"]

1. e4 c5 2. Nc3 e5 3. Nf3 Nc6 4. Bc4 Qh4 5. Nxh4 Be7 6. Nf5 g6 7. Nxe7 Ngxe7 8. d3 O-O 9. Bg5 Na5 10. Bxe7 Re8 11. Bxc5 Nxc4 12. dxc4 b6 13. Be3 Bb7 14. Qxd7 Red8 15. Qxb7 Rdb8 16. Qd5 Rf8 17. Qxe5 Rae8 18. Qf6 Rd8 19. Bd4 Rxd4 20. Qxd4 a5 21. Nd5 Ra8 22. Ne7+ Kf8 23. Nc6 Rc8 24. Qd6+ Kg7 25. Ne7 Re8 26. Qe5+ Kh6 27. Qf4+ Kg7 28. O-O-O Rxe7 29. e5 Rc7 30. Qf6+ Kh6 31. Rd3 Rxc4 32. Rh3+ Rh4 33. Rxh4# 1-0

[Event "Junior Online 4NCL Division 4"]
[Site "online"]
[Date "2021.09.16"]
[EventDate "2021.09.16"]
[Round "3.124"]
[White "Lynam, Tommy"]
[WhiteElo "817"]
[WhiteTeam "Charlton Lions"]
[Black "Marsden, Rupert"]
[BlackElo "1042"]
[BlackTeam "Wolfpack Juniors"]
[Result "0-1"]
[PlyCount "90"]

1. Nf3 d5 2. g3 Nc6 3. Bg2 Nf6 4. O-O e5 5. Nc3 Bd6 6. d3 e4 7. Bg5 exf3 8. Bxf3 h6 9. Bxf6 Qxf6 10. Bxd5 Bd7 11. Nb5 O-O 12. Nxd6 Qxd6 13. Bxc6 Bxc6 14. f4 Rfe8 15. e4 Qd4+ 16. Rf2 Rad8 17. g4 Bxe4 18. h4 c5 19. c3 Qxd3 20. Qxd3 Rxd3 21. b4 Rxc3 22. bxc5 Rxc5 23. g5 hxg5 24. hxg5 Rc2 25. Rxc2 Bxc2 26. a4 Re4 27. a5 Rxf4 28. a6 bxa6 29. Kh2 Bd3 30. Kh3 Bb5 31. Kg3 Rf1 32. Rxf1 Bxf1 33. Kf2 a5 34. Kxf1 a4 35. Ke1 a3 36. Kd1 a2 37. Kc1 a1=Q+ 38. Kc2 Qa2+ 39. Kc1 a5 40. Kd1 Qb2 41. g6 fxg6 42. Ke1 a4 43. Kd1 a3 44. Ke1 a2 45. Kf1 a1=R# 0-1

[Event "Junior Online 4NCL Division 4"]
[Site "online"]
[Date "2021.09.16"]
[EventDate "2021.09.16"]
[Round "3.125"]
[White "Chandrashekhar, Druha"]
[WhiteElo "1271"]
[WhiteTeam "Charlton Lions"]
[Black "Jayaprakash, Arnav"]
[BlackElo "1441"]
[BlackTeam "Wolfpack Juniors"]
[Result "0-1"]
[PlyCount "101"]

1. Nf3 Nf6 2. d4 d5 3. e3 Nc6 4. Bb5 Bd7 5. c4 a6 6. Bxc6 Bxc6 7. c5 e6 8. a3 Be7 9. O-O O-O 10. Nc3 Bd7 11. Re1 b6 12. b4 a5 13. Bb2 bxc5 14. bxc5 c6 15. Na4 Rb8 16. Nb6 Qc7 17. Bc3 Qa7 18. Qa4 Ne4 19. Bxa5 Bd8 20. Rab1 Bxb6 21. cxb6 Qa6 22. Qb4 Qb7 23. Ne5 Be8 24. f3 Nf6 25. Qc5 Nd7 26. Nxd7 Bxd7 27. e4 dxe4 28. fxe4 f5 29. Qd6 Ra8 30. Bb4 fxe4 31. Qc7 Qxc7 32. bxc7 Rfc8 33. Bd6 Be8 34. Rxe4 Bg6 35. Rxe6 Bxb1 36. Re7 Re8 37. Rd7 Bf5 38. Re7 Rxe7 39. Bxe7 Rc8 40. Bd6 Kf7 41. Kf2 Ke6 42. Bg3 Bg6 43. a4 Kd5 44. a5 Kxd4 45. a6 Kc5 46. a7 Kb6 47. Ke3 Kxa7 48. Kd4 Kb7 49. Kc5 Rxc7 50. Bxc7 Kxc7 51. h4 0-1

[Event "Junior Online 4NCL Division 4"]
[Site "online"]
[Date "2021.09.16"]
[EventDate "2021.09.16"]
[Round "3.126"]
[White "Harris, Callum"]
[WhiteElo "1383"]
[WhiteTeam "Wolfpack Juniors"]
[Black "Sharma, Reyansh"]
[BlackElo "1000"]
[BlackTeam "Charlton Lions"]
[Result "1-0"]
[PlyCount "43"]

1. e4 e5 2. Nf3 Nc6 3. Bc4 Bc5 4. d3 Nf6 5. h3 O-O 6. Nc3 d6 7. Bg5 Be6 8. Bd5 Qd7 9. Bxf6 gxf6 10. Bxc6 Qxc6 11. Nd5 Qd7 12. Nxf6+ Kh8 13. Nxd7 Bxd7 14. Ng5 f6 15. Nf3 Rae8 16. Nh4 Rg8 17. Qf3 Ref8 18. O-O Be6 19. Nf5 Bxf5 20. Qxf5 Rg5 21. Qf3 a5 22. h4 1-0

[Event "Junior Online 4NCL Division 4"]
[Site "online"]
[Date "2021.09.16"]
[EventDate "2021.09.16"]
[Round "3.127"]
[White "Lynam, Paddy"]
[WhiteElo "865"]
[WhiteTeam "Charlton Lions"]
[Black "Mahadevan, Rohit"]
[BlackElo "1180"]
[BlackTeam "Wolfpack Juniors"]
[Result "0-1"]
[PlyCount "30"]

1. Nf3 d5 2. g3 Nc6 3. Bg2 e5 4. Rf1 e4 5. d3 exf3 6. Bxf3 Bh3 7. Rh1 Qd7 8. Nc3 Ne5 9. Bf4 Nxf3+ 10. exf3 Bd6 11. Qb1 Bxf4 12. gxf4 Qe6+ 13. Ne2 Bg2 14. Rg1 Bxf3 15. Rxg7 Qxe2# 0-1

[Event "Junior Online 4NCL Division 4"]
[Site "online"]
[Date "2021.09.16"]
[EventDate "2021.09.16"]
[Round "3.128"]
[White "Marsden, Rupert"]
[WhiteElo "1042"]
[WhiteTeam "Wolfpack Juniors"]
[Black "Lynam, Tommy"]
[BlackElo "817"]
[BlackTeam "Charlton Lions"]
[Result "1-0"]
[PlyCount "41"]

1. d4 Nc6 2. c4 Nf6 3. Nc3 b5 4. cxb5 Ne5 5. dxe5 c6 6. exf6 exf6 7. bxc6 dxc6 8. Qxd8+ Kxd8 9. e3 Bf5 10. Nf3 Bb4 11. Bd2 Bxc3 12. Bxc3 c5 13. Rd1+ Ke8 14. Bb5+ Kf8 15. O-O Kg8 16. Rd5 Rf8 17. Rxf5 g6 18. Rxf6 Kg7 19. Ng5 h6 20. Rxf7+ Kg8 21. Rg7# 1-0

[Event "Junior Online 4NCL Division 4"]
[Site "online"]
[Date "2021.09.16"]
[EventDate "2021.09.16"]
[Round "3.131"]
[White "Ye, Jiaming"]
[WhiteElo "1240"]
[WhiteTeam "London Dragons Californium"]
[Black "Bhatia, Jai"]
[BlackElo "1233"]
[BlackTeam "Chess Challengers C"]
[Result "0-1"]
[PlyCount "78"]

1. e4 e5 2. Nf3 Nc6 3. Nc3 Nf6 4. Bc4 h6 5. Nd5 Nxd5 6. exd5 Nd4 7. Nxe5 Qe7 8. O-O d6 9. Nf3 Nxf3+ 10. Qxf3 h5 11. d4 Bg4 12. Qe3 Qxe3 13. Bxe3 O-O-O 14. f3 Bf5 15. g4 hxg4 16. Rae1 Be7 17. fxg4 Bxg4 18. Rxf7 Bf6 19. Bd3 Rh3 20. Kg2 Rdh8 21. Rf8+ Rxf8 22. Be2 Bxe2 23. Rxe2 Rfh8 24. Bf2 Rxh2+ 25. Kg3 Rh1 26. Kg2 Bxd4 27. Bxd4 R8h2+ 28. Kf3 Rf1+ 29. Kg3 Rxe2 30. Bxg7 Rg1+ 31. Kf3 Re7 32. Kf2 Rexg7 33. b4 R1g6 34. Ke3 Re7+ 35. Kd3 Rg3+ 36. Kc4 Re4+ 37. Kb5 a6+ 38. Ka4 b5+ 39. Ka5 Ra3# 0-1

[Event "Junior Online 4NCL Division 4"]
[Site "online"]
[Date "2021.09.16"]
[EventDate "2021.09.16"]
[Round "3.132"]
[White "Pyla, Akhil"]
[WhiteElo "1314"]
[WhiteTeam "Chess Challengers C"]
[Black "Yang, Miao"]
[BlackElo "1240"]
[BlackTeam "London Dragons Californium"]
[Result "1-0"]
[PlyCount "69"]

1. e4 e5 2. Bc4 Nf6 3. Nc3 Bc5 4. Nf3 Nc6 5. d3 h6 6. h3 O-O 7. O-O d6 8. Nb1 Be6 9. Bb3 Nd4 10. Nxd4 Bxd4 11. c3 Bc5 12. Be3 Bb6 13. Nd2 Nh5 14. Qxh5 Qf6 15. Bxb6 axb6 16. Nf3 Qf4 17. Bxe6 fxe6 18. d4 exd4 19. Nxd4 e5 20. Nf5 Qxe4 21. Ne7+ Kh8 22. Ng6+ Kg8 23. Nxf8 Rxf8 24. Rfe1 Qf4 25. Qg4 Qxf2+ 26. Kh1 Qxb2 27. Rf1 Rf4 28. Qe6+ Kh7 29. Kh2 Qxc3 30. Rxf4 exf4 31. Re1 Qg3+ 32. Kg1 f3 33. Qf5+ g6 34. Qf7+ Kh8 35. Re8# 1-0

[Event "Junior Online 4NCL Division 4"]
[Site "online"]
[Date "2021.09.16"]
[EventDate "2021.09.16"]
[Round "3.133"]
[White "Li, Leo"]
[WhiteElo "1289"]
[WhiteTeam "London Dragons Californium"]
[Black "Jha, Aarush"]
[BlackElo "1311"]
[BlackTeam "Chess Challengers C"]
[Result "0-1"]
[PlyCount "94"]

1. Nf3 Nf6 2. Nc3 d5 3. d4 Nc6 4. Bg5 e6 5. Ne5 Bd7 6. b4 Bxb4 7. Qd3 h6 8. Bxf6 Qxf6 9. Ng4 Bxc3+ 10. Qxc3 Qxd4 11. Qxd4 Nxd4 12. O-O-O Nc6 13. e3 O-O-O 14. a4 f5 15. Be2 fxg4 16. Bxg4 e5 17. Bxd7+ Rxd7 18. Rhe1 Re8 19. c3 Kd8 20. f3 d4 21. exd4 exd4 22. Rxe8+ Kxe8 23. cxd4 Rxd4 24. Re1+ Kd7 25. Re4 Rxe4 26. fxe4 Ke6 27. Kd2 Ke5 28. Ke3 a6 29. g3 b5 30. axb5 axb5 31. Kd3 b4 32. Kc4 Kxe4 33. Kb5 b3 34. Kxc6 b2 35. Kxc7 b1=Q 36. Kd6 Qh1 37. h4 Qh3 38. Kc5 Qxg3 39. Kc4 Qxh4 40. Kc3 Kd5 41. Kd3 Qh3+ 42. Kc2 Kc4 43. Kd2 Qf3 44. Ke1 Qg2 45. Kd1 Kc3 46. Ke1 Kd3 47. Kd1 Qd2# 0-1

[Event "Junior Online 4NCL Division 4"]
[Site "online"]
[Date "2021.09.16"]
[EventDate "2021.09.16"]
[Round "3.134"]
[White "Devalia, Aadishesh"]
[WhiteElo "1308"]
[WhiteTeam "Chess Challengers C"]
[Black "Tao, Max"]
[BlackElo "1200"]
[BlackTeam "London Dragons Californium"]
[Result "1-0"]
[PlyCount "51"]

1. e4 e5 2. Nf3 Nc6 3. Bc4 Bc5 4. Nc3 Nf6 5. d3 O-O 6. Bg5 Be7 7. Bxf6 Bxf6 8. O-O d6 9. Nd5 Nd4 10. Nxd4 exd4 11. f4 Be6 12. f5 Bxd5 13. Bxd5 c6 14. Bb3 Bg5 15. Qg4 d5 16. exd5 cxd5 17. Bxd5 Be3+ 18. Kh1 Qxd5 19. f6 Bh6 20. Rf5 Qe6 21. fxg7 Rfe8 22. h3 Bxg7 23. Raf1 Kh8 24. Qg3 Rec8 25. Rxf7 Rf8 26. Qxg7# 1-0

[Event "Junior Online 4NCL Division 4"]
[Site "online"]
[Date "2021.09.16"]
[EventDate "2021.09.16"]
[Round "3.135"]
[White "Bhatia, Jai"]
[WhiteElo "1233"]
[WhiteTeam "Chess Challengers C"]
[Black "Ye, Jiaming"]
[BlackElo "1240"]
[BlackTeam "London Dragons Californium"]
[Result "0-1"]
[PlyCount "86"]

1. e4 e5 2. Nf3 Nc6 3. Nc3 Bc5 4. Bb5 Nf6 5. Bxc6 dxc6 6. d3 Ng4 7. O-O Bxf2+ 8. Rxf2 Nxf2 9. Kxf2 Bg4 10. Bg5 Bxf3 11. Bxd8 Bxd1 12. Rxd1 Rxd8 13. Kg1 O-O 14. Ne2 f5 15. exf5 Rxf5 16. Ng3 Rf6 17. b3 Re8 18. Re1 c5 19. Ne4 Rf4 20. g3 Rg4 21. Nxc5 b6 22. Ne4 c5 23. h3 Rg6 24. Kh2 h5 25. Rh1 h4 26. g4 a5 27. Rg1 Rh6 28. g5 Rh5 29. Nd6 Re6 30. Ne4 b5 31. Nxc5 Rd6 32. Re1 a4 33. Rxe5 axb3 34. cxb3 b4 35. a4 bxa3 36. b4 a2 37. Nb3 Rxd3 38. Nc1 a1=Q 39. Nxd3 Qc3 40. Re8+ Kh7 41. Nf4 Rxg5 42. Ne6 Qd2+ 43. Kh1 Qg2# 0-1

[Event "Junior Online 4NCL Division 4"]
[Site "online"]
[Date "2021.09.16"]
[EventDate "2021.09.16"]
[Round "3.137"]
[White "Jha, Aarush"]
[WhiteElo "1311"]
[WhiteTeam "Chess Challengers C"]
[Black "Li, Leo"]
[BlackElo "1289"]
[BlackTeam "London Dragons Californium"]
[Result "1-0"]
[PlyCount "115"]

1. e4 Nf6 2. e5 Nd5 3. Bc4 Nb6 4. Bb3 d5 5. Qf3 Be6 6. d4 f6 7. Ne2 Bf7 8. exf6 exf6 9. O-O Bd6 10. Nf4 c6 11. Re1+ Be7 12. Bd2 g5 13. Nd3 O-O 14. Na3 h5 15. c4 dxc4 16. Bxc4 Bxc4 17. Nxc4 Nxc4 18. Qe2 Re8 19. Nc5 Qxd4 20. Rad1 Qxc5 21. b4 Qd5 22. Bc3 g4 23. Rxd5 cxd5 24. Bxf6 Nc6 25. Qe6+ Kf8 26. Bxe7+ Nxe7 27. Qf6+ Kg8 28. Rxe7 Rxe7 29. Qxe7 Rc8 30. Qe6+ Kg7 31. Qxc8 b5 32. Kf1 Nb6 33. Qc7+ Kf6 34. Qxa7 Nc4 35. Qd4+ Ke6 36. Ke2 Kd6 37. Kd3 Ke6 38. Qh8 Kd6 39. Qxh5 Ne5+ 40. Kd4 Nc6+ 41. Ke3 Nxb4 42. Qxg4 Nc2+ 43. Kd3 Na3 44. Qb4+ Kc6 45. Qxa3 Kb6 46. Kd4 Kc6 47. Qc5+ Kb7 48. Kxd5 Ka6 49. Qa3+ Kb6 50. h4 b4 51. Qxb4+ Kc7 52. Qd6+ Kb7 53. Kc5 Ka7 54. Qh6 Kb7 55. Qc6+ Ka7 56. Qb5 Ka8 57. Kc6 Ka7 58. Qb7# 1-0

[Event "Junior Online 4NCL Division 4"]
[Site "online"]
[Date "2021.09.16"]
[EventDate "2021.09.16"]
[Round "3.138"]
[White "Tao, Max"]
[WhiteElo "1200"]
[WhiteTeam "London Dragons Californium"]
[Black "Devalia, Aadishesh"]
[BlackElo "1308"]
[BlackTeam "Chess Challengers C"]
[Result "0-1"]
[PlyCount "88"]

1. e4 c5 2. Nf3 Nc6 3. d4 cxd4 4. Nxd4 Nxd4 5. Qxd4 d6 6. Bc4 e5 7. Qd5 Be6 8. Qb5+ Qd7 9. Qb4 d5 10. Qb3 dxc4 11. Qc3 Bd6 12. Bg5 Ne7 13. Bxe7 Qxe7 14. Qa5 O-O 15. Nc3 Bb4 16. Qb5 Bxc3+ 17. bxc3 Bd7 18. Qxb7 Rfb8 19. Qc7 Qh4 20. Qxd7 Qxe4+ 21. Kf1 Rd8 22. Qc7 Rd2 23. Re1 Qf5 24. Re2 Rad8 25. Rxd2 Rc8 26. Rg1 h6 27. Rd8+ Rxd8 28. Qxd8+ Kh7 29. f3 Qxc2 30. a3 Qxc3 31. Kf2 Qxa3 32. Rd1 c3 33. Rd7 c2 34. Rc7 c1=Q 35. Rxc1 Qxc1 36. Qe7 a5 37. Qxf7 a4 38. Kg3 a3 39. Kg4 Qf4+ 40. Kh3 a2 41. Qxa2 Qf5+ 42. g4 Qxf3+ 43. Kh4 g5+ 44. Kh5 Qh3# 0-1